[Event "EU-ch 23rd"]
[Site "Vrnjacka Banja"]
[Date "2023.03.11"]
[Round "9"]
[White "Gorodetzky, Matan"]
[Black "Hamiti, Gani"]
[Result "1-0"]
[WhiteElo "2319"]
[BlackElo "2112"]
[PlyCount "113"]
[EventDate "2023.03.03"]
[EventType "swiss"]
[EventRounds "11"]
[EventCountry "SRB"]
[SourceTitle "CBM 213"]
[Source "ChessBase"]
[SourceDate "2023.04.30"]
[SourceVersion "1"]
[SourceVersionDate "2023.04.30"]
[SourceQuality "1"]

1. e4 e5 2. Nf3 Nc6 3. Bb5 a6 4. Ba4 Nf6 5. 0-0 Be7 6. d3 b5 7. Bb3 d6 8. c3 0-0 9. h3 h6 10. Re1 Na5 11. Bc2 c5 12. d4 Qc7 13. d5 Bd7 14. Nbd2 c4 15. Nf1 Nb7 16. Be3 Nh7 17. Qd2 Qd8 18. Ng3 f6 19. Nh4 Kh8 20. Ng6+ Kg8 21. Nxf8 Nxf8 22. Bd1 Qc8 23. Bg4 Bxg4 24. hxg4 Nd7 25. Nf5 Bf8 26. b4 a5 27. a3 a4 28. Qe2 Qe8 29. Qf3 Nd8 30. g3 Rb8 31. Kg2 Nf7 32. Nh4 Ng5 33. Qf5 Rb7 34. Rh1 Be7 35. f4 Nh7 36. Ng6 Ndf8 37. Nxf8 Bxf8 38. g5 fxg5 39. fxg5 g6 40. Qh3 h5 41. g4 Rg7 42. Rag1 Be7 43. gxh5 gxh5 44. Qe6+ Qf7 45. Rxh5 Qxe6 46. dxe6 Rg6 47. Kf3 Kg7 48. Rh6 Nf8 49. Kg4 Nxe6 50. Kf5 Nf8 51. Rgh1 Bd8 52. Rxg6+ Nxg6 53. Rh6 Ne7+ 54. Ke6 Ng8 55. Kxd6 Nxh6 56. gxh6+ Kg6 57. Kc6 1-0

[Event "EU-ch 23rd"]
[Site "Vrnjacka Banja"]
[Date "2023.03.09"]
[Round "7"]
[White "Todorovic, Goran N"]
[Black "Hamiti, Gani"]
[Result "1-0"]
[WhiteElo "2296"]
[BlackElo "2112"]
[PlyCount "59"]
[EventDate "2023.03.03"]
[EventType "swiss"]
[EventRounds "11"]
[EventCountry "SRB"]
[SourceTitle "CBM 213"]
[Source "ChessBase"]
[SourceDate "2023.04.30"]
[SourceVersion "1"]
[SourceVersionDate "2023.04.30"]
[SourceQuality "1"]

1. c4 e5 2. Nc3 Nc6 3. Nf3 Nf6 4. d3 Bb4 5. Bd2 d6 6. g3 0-0 7. Bg2 h6 8. 0-0 Bg4 9. h3 Be6 10. a3 Bc5 11. b4 Bb6 12. Na4 a6 13. Nxb6 cxb6 14. Bc3 Qd7 15. Kh2 Nh7 16. Qd2 f5 17. e3 Qf7 18. Rfc1 Ng5 19. Nxg5 hxg5 20. f4 gxf4 21. gxf4 Rfe8 22. Rg1 Qh5 23. Qf2 Re7 24. Bf3 Qe8 25. Rg5 Qd7 26. Rag1 d5 27. Qh4 e4 28. Rh5 Kf8 29. Rh8+ Bg8 30. Qh7 1-0

[Event "EU-ch 23rd"]
[Site "Vrnjacka Banja"]
[Date "2023.03.04"]
[Round "2"]
[White "Hamiti, Gani"]
[Black "Shubin, Kirill"]
[Result "0-1"]
[WhiteElo "2112"]
[BlackElo "2449"]
[PlyCount "59"]
[EventDate "2023.03.03"]
[EventType "swiss"]
[EventRounds "11"]
[EventCountry "SRB"]
[SourceTitle "CBM 213"]
[Source "ChessBase"]
[SourceDate "2023.04.30"]
[SourceVersion "1"]
[SourceVersionDate "2023.04.30"]
[SourceQuality "1"]

1. e4 c5 2. Nc3 Nc6 3. f4 g6 4. Nf3 Bg7 5. Bb5 Nd4 6. 0-0 Nh6 7. d3 0-0 8. Bc4 e6 9. Bb3 d5 10. Nxd4 cxd4 11. Ne2 a5 12. a4 dxe4 13. dxe4 b6 14. Bc4 Bb7 15. Bd3 f5 16. e5 Qd5 17. Rf3 g5 18. Rg3 Kh8 19. fxg5 Ng4 20. Nf4 Qxe5 21. Nh5 Ne3 22. Bxe3 dxe3 23. Nxg7 Qxg7 24. Qe1 e5 25. Rxe3 e4 26. Bf1 f4 27. Rh3 Qxg5 28. Qc3+ Qg7 29. Qxg7+ Kxg7 30. Rc3 0-1

[Event "EU-ch 23rd"]
[Site "Vrnjacka Banja"]
[Date "2023.03.03"]
[Round "1"]
[White "Isik, Alparslan"]
[Black "Hamiti, Gani"]
[Result "1/2-1/2"]
[WhiteElo "2462"]
[BlackElo "2112"]
[PlyCount "121"]
[EventDate "2023.03.03"]
[EventType "swiss"]
[EventRounds "11"]
[EventCountry "SRB"]
[SourceTitle "CBM 213"]
[Source "ChessBase"]
[SourceDate "2023.04.30"]
[SourceVersion "1"]
[SourceVersionDate "2023.04.30"]
[SourceQuality "1"]

1. Nf3 d5 2. c4 Nf6 3. cxd5 Nxd5 4. d4 e6 5. e4 Nf6 6. Nc3 c5 7. d5 exd5 8. e5 Ne4 9. Nxe4 dxe4 10. Qxd8+ Kxd8 11. Ng5 Be6 12. Nxe6+ fxe6 13. Bc4 Nc6 14. Bf4 Nd4 15. 0-0-0 Kc7 16. Rhe1 Be7 17. Rxe4 b5 18. Bf1 a6 19. Be3 Nc6 20. Kb1 Rad8 21. Rc1 Rd5 22. g3 Rhd8 23. Bh3 Kd7 24. f4 g6 25. Bg4 Nd4 26. Bf2 h5 27. Bh3 Nf5 28. Re2 Ke8 29. Be1 Rd1 30. Bg2 Rxc1+ 31. Kxc1 b4 32. Be4 Kf7 33. h3 a5 34. Rd2 Nd4 35. Rf2 a4 36. Bd2 c4 37. Be3 b3 38. axb3 cxb3 39. Rd2 Rc8+ 40. Kd1 Nb5 41. Ke2 a3 42. bxa3 Nc3+ 43. Kf3 Nxe4 44. Kxe4 Rb8 45. Bd4 Bxa3 46. Bb2 Bxb2 47. Rxb2 h4 48. gxh4 Kg7 49. Kd4 Kh6 50. Kc5 Kh5 51. Kd6 Rb6+ 52. Kc7 Rb5 53. Kd7 Rb6 54. Kc7 Rb5 55. Kd6 Rb6+ 56. Ke7 Kxh4 57. Kf6 Kxh3 58. Kxg6 Kg4 59. f5 exf5+ 60. Kf7 f4 61. e6 1/2-1/2

[Event "KOS-ch"]
[Site "Pristina"]
[Date "2021.10.22"]
[Round "7"]
[White "Hamiti, Gani"]
[Black "Saraci, Nderim"]
[Result "0-1"]
[WhiteElo "2145"]
[BlackElo "2480"]
[PlyCount "62"]
[EventDate "2021.10.16"]
[EventType "tourn"]
[EventRounds "9"]
[EventCountry "KOS"]
[SourceTitle "CBM 204 Extra"]
[Source "ChessBase"]
[SourceDate "2021.11.30"]
[SourceVersion "1"]
[SourceVersionDate "2021.11.30"]
[SourceQuality "1"]

1. e4 d6 2. d4 Nf6 3. Nc3 g6 4. Nf3 Bg7 5. h3 0-0 6. Be3 c6 7. a4 Qa5 8. Qd2 Nbd7 9. Bd3 e5 10. 0-0 exd4 11. Nxd4 Nc5 12. f3 Re8 13. Nce2 Qxd2 14. Bxd2 d5 15. b4 dxe4 16. bxc5 exd3 17. cxd3 Nd7 18. Rac1 Bf8 19. Ng3 Bxc5 20. Bc3 f5 21. Rfe1 Rxe1+ 22. Rxe1 Kf7 23. Kf1 Nb6 24. a5 Nd5 25. Bb2 Bd7 26. Rc1 Bd6 27. Nge2 c5 28. Nb3 b6 29. d4 c4 30. Nd2 b5 31. Kf2 Bb4 0-1

[Event "KOS-ch"]
[Site "Pristina"]
[Date "2021.10.17"]
[Round "2"]
[White "Kelmendi, Arsim"]
[Black "Hamiti, Gani"]
[Result "0-1"]
[WhiteElo "2129"]
[BlackElo "2145"]
[PlyCount "88"]
[EventDate "2021.10.16"]
[EventType "tourn"]
[EventRounds "9"]
[EventCountry "KOS"]
[SourceTitle "CBM 204 Extra"]
[Source "ChessBase"]
[SourceDate "2021.11.30"]
[SourceVersion "1"]
[SourceVersionDate "2021.11.30"]
[SourceQuality "1"]

1. e4 e5 2. Nf3 Nc6 3. Bb5 f5 4. Bxc6 dxc6 5. Nxe5 Qd4 6. f4 Qxe4+ 7. Qe2 Nf6 8. d3 Qxe2+ 9. Kxe2 Bd6 10. Nd2 0-0 11. Ndf3 Re8 12. h3 b6 13. a4 a5 14. Kf2 Bb7 15. Re1 Bc5+ 16. d4 Bd6 17. Be3 c5 18. dxc5 Ne4+ 19. Kg1 Nxc5 20. Nc4 Bf8 21. Nd4 Rad8 22. Ne5 Bd6 23. Nxf5 Bxe5 24. fxe5 Rxe5 25. Bg5 Rxe1+ 26. Rxe1 Rd7 27. Ne7+ Kf7 28. Rf1+ Ke6 29. Nf5 Nxa4 30. b3 Nc3 31. Be3 g6 32. Nd4+ Rxd4 33. Bxd4 Ne2+ 34. Kf2 Nxd4 35. Re1+ Kf6 36. Rd1 Nxc2 37. Rc1 Be4 38. g4 c5 39. Rd1 Nd4 40. Ke3 Bd5 41. Rf1+ Ke7 42. h4 Bxb3 43. h5 a4 44. Kd3 a3 0-1

[Event "KOS-ch"]
[Site "Pristina"]
[Date "2020.10.18"]
[Round "4"]
[White "Klisurica, Jashar"]
[Black "Hamiti, Gani"]
[Result "1/2-1/2"]
[WhiteElo "2055"]
[BlackElo "2133"]
[PlyCount "101"]
[EventDate "2020.10.10"]
[EventType "swiss"]
[EventRounds "9"]
[EventCountry "KOS"]
[SourceTitle "EXT 2022"]
[Source "ChessBase"]
[SourceDate "2021.10.06"]
[SourceVersion "1"]
[SourceVersionDate "2021.10.06"]
[SourceQuality "1"]

1. e4 e5 2. Nf3 Nc6 3. Bb5 f5 4. d4 fxe4 5. Nxe5 Nxe5 6. dxe5 c6 7. Nc3 cxb5 8. Nxe4 d5 9. exd6 Nf6 10. Bg5 Qa5+ 11. Nc3 b4 12. Bxf6 gxf6 13. Nd5 b3+ 14. c3 Be6 15. Nc7+ Kd7 16. 0-0 Bxd6 17. Nxe6 Qe5 18. g3 Qxe6 19. Re1 Qf7 20. Qg4+ Kc7 21. axb3 h5 22. Qd4 a6 23. b4 Rhe8 24. Red1 Qe6 25. Rd3 Be5 26. Qc5+ Qc6 27. f4 Bxf4 28. gxf4 Qxc5+ 29. bxc5 Re2 30. b4 Rg8+ 31. Kh1 Rgg2 32. Rh3 Rgf2 33. Rg1 Rxf4 34. Rxh5 Rc2 35. Rh7+ Kc6 36. Rd1 Rff2 37. Kg1 Rg2+ 38. Kh1 Rge2 39. Rd6+ Kb5 40. Rxb7+ Kc4 41. Rg7 Rxh2+ 42. Kg1 Rhe2 43. Kf1 Rf2+ 44. Kg1 Rfe2 45. Rxf6 Rc1+ 46. Rf1 Rxc3 47. Rg4+ Kb3 48. Rf2 Re1+ 49. Kh2 Rec1 50. Rg3 Rxg3 51. Kxg3 1/2-1/2

[Event "KOS-ch"]
[Site "Pristina"]
[Date "2020.10.17"]
[Round "3"]
[White "Hamiti, Gani"]
[Black "Rama, Rame"]
[Result "1-0"]
[WhiteElo "2133"]
[BlackElo "2001"]
[PlyCount "69"]
[EventDate "2020.10.10"]
[EventType "swiss"]
[EventRounds "9"]
[EventCountry "KOS"]
[SourceTitle "EXT 2022"]
[Source "ChessBase"]
[SourceDate "2021.10.06"]
[SourceVersion "1"]
[SourceVersionDate "2021.10.06"]
[SourceQuality "1"]

1. e4 c5 2. Nc3 Nc6 3. f4 g6 4. Nf3 Bg7 5. Bb5 Nh6 6. Bxc6 bxc6 7. d3 f5 8. 0-0 fxe4 9. Nxe4 d6 10. Qe1 Nf7 11. Bd2 Bxb2 12. Bc3 Bxc3 13. Qxc3 0-0 14. h3 Be6 15. Ng3 Bd5 16. f5 Qd7 17. fxg6 hxg6 18. Qd2 c4 19. Nh4 Kh7 20. Rf4 Ne5 21. d4 c3 22. Qf2 Rxf4 23. Qxf4 Nf7 24. Nf3 Rb8 25. Re1 Kg7 26. Ng5 e5 27. dxe5 Nxe5 28. N5e4 Rf8 29. Qg5 Bxe4 30. Rxe4 Qe6 31. Rh4 Rh8 32. Rb4 Rf8 33. Ra4 Qf7 34. Rf4 Qe8 35. Nf5+ 1-0

[Event "KOS-ch"]
[Site "Pristina"]
[Date "2020.10.11"]
[Round "2"]
[White "Topalli, Ismet"]
[Black "Hamiti, Gani"]
[Result "0-1"]
[WhiteElo "1903"]
[BlackElo "2133"]
[PlyCount "80"]
[EventDate "2020.10.10"]
[EventType "swiss"]
[EventRounds "9"]
[EventCountry "KOS"]
[SourceTitle "EXT 2022"]
[Source "ChessBase"]
[SourceDate "2021.10.06"]
[SourceVersion "1"]
[SourceVersionDate "2021.10.06"]
[SourceQuality "1"]

1. d4 Nf6 2. e3 d6 3. f4 g6 4. Nf3 Bg7 5. Bd3 0-0 6. 0-0 Nc6 7. Nc3 e5 8. d5 Nb4 9. e4 Nxd3 10. cxd3 exf4 11. Bxf4 Nh5 12. Be3 f5 13. Rc1 fxe4 14. dxe4 Bg4 15. h3 Bxf3 16. Rxf3 Qe7 17. Rxf8+ Rxf8 18. Qg4 a6 19. Rf1 Nf6 20. Qh4 Qe5 21. Bh6 Re8 22. Bxg7 Kxg7 23. Re1 Nh5 24. Qf2 Rf8 25. Qa7 Qg5 26. Ne2 Kg8 27. Qd4 b6 28. Rf1 Re8 29. g4 Ng7 30. Qf2 h5 31. Nd4 hxg4 32. Ne6 Qe7 33. Nxg7 Qxg7 34. Re1 gxh3 35. Kh2 Qe5+ 36. Kxh3 Kg7 37. Kg2 Rh8 38. Kg1 Rf8 39. Qe3 Rf4 40. Re2 Qg5+ 0-1

[Event "EU-Cup 34th"]
[Site "Porto Carras"]
[Date "2018.10.18"]
[Round "7.4"]
[White "Hamiti, Gani"]
[Black "Reichardt, Robin"]
[Result "1-0"]
[WhiteElo "2149"]
[BlackElo "1993"]
[PlyCount "65"]
[EventDate "2018.10.12"]
[EventType "team-swiss"]
[EventRounds "7"]
[EventCountry "GRE"]
[SourceTitle "CBM 187"]
[Source "ChessBase"]
[SourceDate "2018.12.11"]
[SourceVersion "1"]
[SourceVersionDate "2018.12.11"]
[SourceQuality "1"]
[WhiteTeam "Dardania"]
[BlackTeam "En Passant"]
[WhiteTeamCountry "KOS"]
[BlackTeamCountry "NED"]

1. e4 e5 2. Nf3 Nc6 3. d4 exd4 4. Bc4 Nf6 5. e5 d5 6. Bb5 Ne4 7. Nxd4 Bd7 8. Bxc6 bxc6 9. 0-0 Bc5 10. f3 Ng5 11. f4 Ne4 12. Be3 Bb6 13. Nc3 Nxc3 14. bxc3 Qe7 15. Qd2 0-0 16. Rae1 Rad8 17. f5 c5 18. Nb3 Bb5 19. f6 Qxe5 20. Bg5 Qd6 21. fxg7 Rfe8 22. Bxd8 Rxd8 23. Rf3 d4 24. Kh1 Bc6 25. Rg3 Bd5 26. Qe2 Be6 27. Nd2 Re8 28. Ne4 Qe7 29. Qh5 Bd7 30. Qh6 Qxe4 31. Rxe4 Rxe4 32. h3 c6 33. Qd6 1-0

[Event "EU-Cup 34th"]
[Site "Porto Carras"]
[Date "2018.10.14"]
[Round "3.4"]
[White "Haug, Johannes"]
[Black "Hamiti, Gani"]
[Result "1-0"]
[WhiteElo "2391"]
[BlackElo "2149"]
[PlyCount "225"]
[EventDate "2018.10.12"]
[EventType "team-swiss"]
[EventRounds "7"]
[EventCountry "GRE"]
[SourceTitle "CBM 187"]
[Source "ChessBase"]
[SourceDate "2018.12.11"]
[SourceVersion "1"]
[SourceVersionDate "2018.12.11"]
[SourceQuality "1"]
[WhiteTeam "Nordstrand"]
[BlackTeam "Dardania"]
[WhiteTeamCountry "NOR"]
[BlackTeamCountry "KOS"]

1. e4 e5 2. Nf3 Nc6 3. Bb5 a6 4. Ba4 Nf6 5. 0-0 Bc5 6. Bxc6 dxc6 7. d3 Bg4 8. Be3 Qe7 9. Nbd2 Rd8 10. Qe1 0-0 11. h3 Bc8 12. Nc4 Bd6 13. Bg5 b5 14. Ne3 h6 15. Bh4 g5 16. Bg3 Nh5 17. Nf5 Qf6 18. d4 exd4 19. Bxd6 cxd6 20. N3xd4 c5 21. Qd1 Nf4 22. Ne2 Bxf5 23. exf5 Qxf5 24. Nxf4 Qxf4 25. Re1 d5 26. a4 b4 27. Qe2 Rd6 28. Rad1 Rfd8 29. Qe7 Qf6 30. Qc7 c4 31. Re7 d4 32. Re4 Qf5 33. Rde1 Qd5 34. Re8+ Rxe8 35. Rxe8+ Kg7 36. Qe7 d3 37. Qf8+ Kg6 38. g4 Qd4 39. cxd3 cxd3 40. Re7 Qg7 41. Qb8 Rd4 42. Qc8 Rd5 43. Qc6+ Qf6 44. Qxd5 Qxe7 45. Qxd3+ Kg7 46. Qxa6 Qe1+ 47. Qf1 Qd2 48. Qa1 h5 49. b3+ f6 50. a5 hxg4 51. hxg4 Qd7 52. f3 Qd3 53. Qe1 Qxb3 54. Qe7+ Kg6 55. Qe4+ Kg7 56. a6 Qd1+ 57. Kg2 b3 58. Qe7+ Kg6 59. a7 Qd2+ 60. Kh3 Qc1 61. Qe8+ Kg7 62. Qe7+ Kg6 63. Qe4+ Kh6 64. f4 Qf1+ 65. Qg2 Qxg2+ 66. Kxg2 b2 67. a8Q b1Q 68. Qf8+ Kh7 69. Qf7+ Kh8 70. Qxf6+ Kh7 71. Qf7+ Kh6 72. Qh5+ Kg7 73. Qxg5+ Kh8 74. Qe5+ Kg8 75. g5 Qc2+ 76. Kg3 Qd3+ 77. Kg4 Qd7+ 78. Kf3 Qd1+ 79. Ke4 Qc2+ 80. Kd5 Qb3+ 81. Ke4 Qc2+ 82. Kf3 Qd1+ 83. Qe2 Qd5+ 84. Kg3 Qb3+ 85. Kg4 Qb1 86. Qe8+ Kg7 87. Qe5+ Kg8 88. Qe6+ Kg7 89. Qf6+ Kg8 90. Qd8+ Kg7 91. Qd4+ Kg8 92. f5 Qb8 93. Qc4+ Kh8 94. g6 Qa8 95. Qc3+ Kg8 96. Qb3+ Kh8 97. Qh3+ Kg7 98. Qh7+ Kf6 99. Qh4+ Ke5 100. Qg3+ Kd4 101. Qf2+ Kc4 102. g7 Kb5 103. Qe2+ Kc5 104. Qe3+ Kb4 105. Qd4+ Kb5 106. Kg5 Qg2+ 107. Kf6 Qc6+ 108. Ke7 Qa8 109. f6 Qa3+ 110. Qd6 Qe3+ 111. Kf7 Qa7+ 112. Qe7 Qa2+ 113. Kf8 1-0

[Event "EU-Cup 34th"]
[Site "Porto Carras"]
[Date "2018.10.12"]
[Round "1.4"]
[White "Mutschnik, Illya"]
[Black "Hamiti, Gani"]
[Result "0-1"]
[WhiteElo "2411"]
[BlackElo "2149"]
[PlyCount "80"]
[EventDate "2018.10.12"]
[EventType "team-swiss"]
[EventRounds "7"]
[EventCountry "GRE"]
[SourceTitle "CBM 187"]
[Source "ChessBase"]
[SourceDate "2018.12.11"]
[SourceVersion "1"]
[SourceVersionDate "2018.12.11"]
[SourceQuality "1"]
[WhiteTeam "Zuerich SG"]
[BlackTeam "Dardania"]
[WhiteTeamCountry "SUI"]
[BlackTeamCountry "KOS"]

1. e4 e5 2. Nf3 Nc6 3. Bb5 a6 4. Bxc6 dxc6 5. 0-0 Bg4 6. h3 Bh5 7. g4 Bg6 8. Nxe5 Bd6 9. Nxg6 hxg6 10. Qf3 Qh4 11. Kg2 0-0-0 12. d4 f6 13. Nd2 Ne7 14. Nc4 g5 15. c3 Bf4 16. Bxf4 gxf4 17. Rh1 Ng6 18. Qe2 Qg5 19. f3 Nh4+ 20. Kf1 Rhe8 21. Qf2 Qb5 22. b3 g5 23. Rb1 a5 24. a4 Qa6 25. Qe2 c5 26. Rd1 cxd4 27. cxd4 f5 28. e5 Qc6 29. Kf2 Qd5 30. Rd3 Kb8 31. Re1 Rh8 32. Qd2 fxg4 33. Qxa5 Qxa5 34. Nxa5 Nxf3 35. hxg4 Nxe1 36. Kxe1 Rh1+ 37. Kd2 Rg1 38. d5 Rg2+ 39. Kc3 Rg3 40. Nc4 Rxd5 0-1

[Event "EU-Cup 33rd"]
[Site "Antalya"]
[Date "2017.10.13"]
[Round "6.1"]
[White "Sepp, Olav"]
[Black "Hamiti, Gani"]
[Result "1-0"]
[WhiteElo "2433"]
[BlackElo "2153"]
[PlyCount "75"]
[EventDate "2017.10.08"]
[EventType "team-swiss"]
[EventRounds "7"]
[EventCountry "TUR"]
[SourceTitle "CBM 181"]
[Source "ChessBase"]
[SourceDate "2017.11.10"]
[SourceVersion "1"]
[SourceVersionDate "2017.11.10"]
[SourceQuality "1"]
[WhiteTeam "Etela Vantaan"]
[BlackTeam "Dardania"]
[WhiteTeamCountry "FIN"]
[BlackTeamCountry "KOS"]

1. Nf3 d5 2. g3 Nf6 3. Bg2 e6 4. 0-0 b6 5. c4 Bb7 6. b3 Be7 7. Bb2 0-0 8. e3 c5 9. Qe2 Nc6 10. Rd1 Qc7 11. Nc3 Rac8 12. cxd5 exd5 13. d4 Rfd8 14. Rac1 Qb8 15. dxc5 bxc5 16. Na4 Nb4 17. Bxf6 Ba6 18. Qxa6 Nxa6 19. Bxe7 Re8 20. Bxc5 Nxc5 21. Nxc5 Qd6 22. b4 a5 23. a3 axb4 24. axb4 Ra8 25. Ng5 Re5 26. f4 Rxg5 27. fxg5 Qe5 28. Bxd5 Qxe3+ 29. Kh1 Rd8 30. Nb7 Rb8 31. Nd6 Qxg5 32. Nxf7 Qh5 33. Ne5+ Kh8 34. Re1 g6 35. Rc7 Rd8 36. Nf7+ Kg8 37. Ng5+ Kh8 38. Rxh7+ 1-0

[Event "EU-Cup 33rd"]
[Site "Antalya"]
[Date "2017.10.11"]
[Round "4.2"]
[White "Hamiti, Gani"]
[Black "Christiansen, Johan Sebastian"]
[Result "0-1"]
[WhiteElo "2153"]
[BlackElo "2462"]
[PlyCount "62"]
[EventDate "2017.10.08"]
[EventType "team-swiss"]
[EventRounds "7"]
[EventCountry "TUR"]
[SourceTitle "CBM 181"]
[Source "ChessBase"]
[SourceDate "2017.11.10"]
[SourceVersion "1"]
[SourceVersionDate "2017.11.10"]
[SourceQuality "1"]
[WhiteTeam "Dardania"]
[BlackTeam "Valerenga"]
[WhiteTeamCountry "KOS"]
[BlackTeamCountry "NOR"]

1. e4 e5 2. Nf3 Nc6 3. Bc4 Nf6 4. 0-0 Nxe4 5. Re1 d5 6. Bb5 Bc5 7. d4 exd4 8. Nbd2 0-0 9. Nxe4 dxe4 10. Rxe4 Qd5 11. Bd3 Bf5 12. Rh4 Nb4 13. Rh5 Nxd3 14. cxd3 g6 15. Rh4 f6 16. b4 Bb6 17. Bb2 g5 18. Rxd4 Bxd4 19. Nxd4 Bg6 20. Qg4 Rfe8 21. h4 h6 22. hxg5 hxg5 23. Qh3 Rad8 24. Nf3 Kf7 25. Rc1 c6 26. Qg3 Qxd3 27. Qc7+ Rd7 28. Qg3 Qd1+ 29. Rxd1 Rxd1+ 30. Kh2 Rh8+ 31. Qh3 Rxh3+ 0-1

[Event "EU-Cup 33rd"]
[Site "Antalya"]
[Date "2017.10.10"]
[Round "3.1"]
[White "Oguz, Huseyin"]
[Black "Hamiti, Gani"]
[Result "0-1"]
[WhiteElo "1765"]
[BlackElo "2153"]
[PlyCount "62"]
[EventDate "2017.10.08"]
[EventType "team-swiss"]
[EventRounds "7"]
[EventCountry "TUR"]
[SourceTitle "CBM 181"]
[Source "ChessBase"]
[SourceDate "2017.11.10"]
[SourceVersion "1"]
[SourceVersionDate "2017.11.10"]
[SourceQuality "1"]
[WhiteTeam "Hatay Buyuksehir"]
[BlackTeam "Dardania"]
[WhiteTeamCountry "TUR"]
[BlackTeamCountry "KOS"]

1. d4 d5 2. c4 dxc4 3. Nf3 e6 4. e3 Nf6 5. Bxc4 a6 6. 0-0 b5 7. Be2 Bb7 8. a4 c6 9. Nbd2 Be7 10. Nb3 Nbd7 11. Bd2 0-0 12. Qe1 Qb8 13. Bb4 Bxb4 14. Qxb4 Rd8 15. Rfc1 h6 16. Rc2 Nd5 17. Qe1 Qd6 18. Nc5 Nxc5 19. dxc5 Qc7 20. e4 Nf6 21. Nd2 Rd4 22. axb5 axb5 23. Rxa8+ Bxa8 24. Bf3 Qa5 25. Kf1 Qa4 26. Rc3 Qb4 27. Qc1 e5 28. Ke2 Bb7 29. Rb3 Rxd2+ 30. Qxd2 Qxb3 31. Qd8+ Kh7 0-1